000 00573nam a2200253Ia 4500
003 EC-GqESP
005 20260402105633.0
008 250425s9999 xx 000 0 und d
010 _a65635
020 _a9789702609193
041 _aspa
082 _a515
_pPUR
100 _aEDWIN PURCELL
245 0 _aCÁLCULO
250 _a9A ED.
260 _aMéxico
_bPEARSON EDUCACION
_c2007
260 _aNAUCALPAN DE JUAREZ
300 _a774 p.
650 _aCALCULO
650 _aCALCULO VECTORIAL
650 _aDERIVADAS
650 _aINTEGRALES
942 _c01
999 _c227627
_d227627